00381nam a2200121Ia 4500008004100000082001600041100002700057245003500084300001600119942000700135999001900142952009800161230907s9999||||xx |||||||||||||| ||und|| a697.78bMAE aMaeda, Martha,9115698 0aHow to solar power your home : a336 pages : cBK c599188d599188 00104070aCAS-EbCAS-Ed2019-08-21l0o697.78 MAEpCAS-E0003287r2023-09-12w2023-09-12yBK